Pokémon - 6. Generation - Deutsch - Statistiken

Allgemein
  • Dieses Quiz wurde 2.053 mal gespielt
    1.269 seit der letzten Aktualisierung
  • Das Durchschnittsergebnis liegt bei 47 aus 72
Antwortstatistiken
Hint Antwort % Korrekt
656 Froxy
94%
653 Fynx
93%
658 Quajutsu
91%
716 Xerneas
90%
717 Yveltal
90%
650 Igamaro
88%
718 Zygarde
87%
657 Amphizel
84%
663 Fiaro
83%
654 Rutena
82%
661 Dartiri
81%
655 Fennexis
81%
652 Brigaron
79%
662 Dartignis
79%
700 Feelinara
74%
651 Igastarnish
74%
659 Scoppel
70%
666 Vivillon
69%
719 Diancie
68%
681 Durengard
68%
706 Viscogon
68%
714 eF-eM
67%
660 Grebbit
67%
720 Hoopa
67%
664 Purmel
67%
715 UHaFnir
67%
680 Duokles
66%
669 Flabébé
66%
667 Leufeo
66%
668 Pyroleo
66%
701 Resladero
66%
704 Viscora
66%
721 Volcanion
66%
671 Florges
65%
679 Gramokles
65%
696 Balgoras
64%
702 Dedenne
64%
699 Amagarga
63%
670 Floette
63%
672 Mähikel
63%
697 Monargoras
63%
665 Puponcho
63%
673 Chevrumm
62%
677 Psiau
62%
674 Pam-Pam
61%
678 Psiaugon
61%
698 Amarino
60%
695 Elezard
60%
705 Viscargot
60%
693 Wummer
59%
713 Arktilas
58%
690 Algit
57%
712 Arktip
57%
676 Coiffwaff
57%
675 Pandagro
57%
682 Parfi
57%
692 Scampisto
57%
691 Tandrak
57%
707 Clavion
56%
710 Irrbis
56%
683 Parfinesse
56%
694 Eguana
55%
684 Flauschling
54%
685 Sabbaione
54%
709 Trombork
54%
703 Rocara
53%
711 Pumpdjinn
52%
686 Iscalar
49%
687 Calamanero
48%
708 Paragoni
47%
688 Bithora
46%
689 Thanathora
44%
Keine übereinstimmenden Quizze gefunden
Verteilung der Resultate
Anzahl Personen mit jedem Resultat
Perzentil nach korrekt beantworteten Fragen
Ihre Resultats-Entwicklung
Sie haben dieses Quiz seit der letzten Aktualisierung nicht gespielt